000 00437nam a2200181Ia 4500
001 20255
005 20260306172753.0
008 260306t2004||||xx |||||||||||||| ||spa||
041 _aESP
082 _a343.1
_bA51
100 _aAlzamora Silva, Lizardo, 1900-1973
_eAUT
245 0 _aEstudios constitucionales
260 _c2004
300 _a254 páginas :
_c25 cm.
650 _aGEN
654 _aCDE
942 _cLIB
_dJUS
_fJUS
_2ddc
_n
999 _c20255
_d20255